000 00396nam a2200169Ia 4500
008 210210b xxu||||| |||| 00| 0 eng d
041 _aeng
082 _a874/82
100 _aKOCHI KERALAVARMA AMMAMAN THAMPURAN
245 _aGadyapushpanjali part II
260 _a
_b-
_c
650 _apart
650 _aII
650 _aGadyapushpanjali
690 _aMalayalam Criticism
906 _a002664
999 _c124631
_d124631